00703nam a2200217Ia 4500003000900000008004100009040001600050080001800066100002700084245007200111250001200183260003900195300000900234650002000243650002600263650003100289650004900320942000700369999001500376952009400391IN-BaIIA211028s9999 xx 000 0 eng d cIIA Library a084.4:52bVEH aVehrenberg, Hans98484 4aThe Falkauer atlasbphotographic star atlas 1950.0cHans Vehrenberg a3rd ed. aDusseldorfbTreugesel Verlagc1972 a28p. a Atlas 98310 a Atlas-Stars 98485 a Photographic stars98486 aAstronomy and Astrophysics Thesaurus 91143 cBK c4772d4772 00104070aBANbBANcGENd1975-10-04l0o084.4:52/ VEHp5338r2021-11-05w1975-10-04yBK